00338 a2200145 450000100060000002000180000604000240002410000240004824000330007224500280010530000070013336200090014044000120014965000310016169090 a9788502049680 cAnchieta - Itaigara aAlbergaria, Lino de10aA família invisívellpor10aA família invisível a830 a2005 1aSaraiva 4aLiteratura infanto-juvenil